MARC

LEADER 00000nam0a2200000 4500
001 324559
005 20231102003659.0
035 |a (RuTPU)RU\TPU\book\350157 
090 |a 324559 
100 |a 20161117d1949 m y0rusy50 ca 
101 0 |a rus 
102 |a RU 
105 |a a j 000zy 
200 1 |a Выработка оконного стекла на машинах вертикального вытягивания  |e пособие по техминимуму  |f В. Эрландц 
210 |a Москва  |c Промстройиздат  |d 1949 
215 |a 80 с.  |c ил. 
606 1 |a Стекло оконное  |2 stltpush  |3 (RuTPU)RU\TPU\subj\34621  |9 56534 
610 1 |a стекольное производство 
610 1 |a вытягивание 
610 1 |a вытягивающие машины 
610 1 |a устройство 
610 1 |a эксплуатация 
610 1 |a обслуживание 
610 1 |a аварии 
610 1 |a техника безопасности 
610 1 |a учебные пособия 
675 |a 666.15(075)  |v 4 
700 1 |a Эрландц  |b В. 
801 1 |a RU  |b 63413507  |c 20161117 
801 2 |a RU  |b 63413507  |c 20191226  |g RCR 
942 |c BK